More money wanted for housing (Record no. 117082)

MARC details
000 -LEADER
fixed length control field 00977cam a2200205 4500
001 - CONTROL NUMBER
control field WB4010-11
008 - FIXED-LENGTH DATA ELEMENTS--GENERAL INFORMATION
fixed length control field 040309n2004 000 0 eng u
035 ## - SYSTEM CONTROL NUMBER
System control number (Sirsi) u125376
245 ## - TITLE STATEMENT
Title More money wanted for housing
260 ## - PUBLICATION, DISTRIBUTION, ETC.
Date of publication, distribution, etc. 2004
490 ## - SERIES STATEMENT
Series statement Shelter Press Release
Volume/sequential designation 8 March 2004 (3)
520 ## - SUMMARY, ETC.
Summary, etc. Shelter's latest report "Building for the future", show that the government's spending plans are inadequate in addressing the Britain's growing housing crisis. Shelter estimates that current government plans leave a shortfall of 55 000 homes against the Shelter estimate. The report has been drawn on by Kate Barker in her forthcoming report on housing supply and is available from the Shelter Press Office on request. www.shelter.org.uk http://www.shelter.org.uk/campaign/press/index.asp .
590 ## - LOCAL NOTE (RLIN)
Local note WB
590 ## - LOCAL NOTE (RLIN)
Local note WB
650 ## - SUBJECT ADDED ENTRY--TOPICAL TERM
Topical term or geographic name entry element HOUSING DEMAND
650 ## - SUBJECT ADDED ENTRY--TOPICAL TERM
Topical term or geographic name entry element HOUSING SHORTAGE
650 ## - SUBJECT ADDED ENTRY--TOPICAL TERM
Topical term or geographic name entry element HOUSING SUPPLY
690 ## - LOCAL SUBJECT ADDED ENTRY--TOPICAL TERM (OCLC, RLIN)
Topical term or geographic name as entry element HOUSING-FINANCE
942 ## - ADDED ENTRY ELEMENTS (KOHA)
Suppress in OPAC 0
Holdings
Withdrawn status Lost status Source of classification or shelving scheme Damaged status Not for loan Home library Current library Shelving location Date acquired Total Checkouts Full call number Barcode Date last seen Copy number Price effective from Koha item type
    Dewey Decimal Classification     London London News article 09/03/2004   WB4010-11 125376-1001 06/08/2019 1 06/08/2019 News article